000 00314nam a2200109Ia 4500
008 180323s9999 xx 000 0 und d
020 _a9789712368196
100 _aAbulencia, Efren F.
245 _aFundamentals of business communication /
260 _aQuezon City :
_b2014
_cREX printing
300 _avii, 162 pages
999 _c356374
_d356374